| 000 | 00562nam a2200205Ia 4500 | ||
|---|---|---|---|
| 003 | OSt | ||
| 005 | 20260211095214.0 | ||
| 020 | _a978-08-0-87893-317-4 | ||
| 040 | _cLC | ||
| 050 |
_aQP 33 .H 55 2008 _b2 |
||
| 100 | _a HILL,RICHARD W. | ||
| 245 | 0 | _aANIMAL PHYSIOLOGY | |
| 250 | _a2 | ||
| 260 |
_aSUNDERLAND, MASSACHUSETTS _bSINAUER ASSOCIATES, INC, _c2008, |
||
| 300 | _aXXVi, 762 P, ILL | ||
| 500 | _aINCLUDES BIBLIOGRAPHICAL REFERENCES AND INDEX | ||
| 650 | _aPHYSIOLOGY, COMPARATIVE | ||
| 700 | _aWYSE GORDON A, ANDERSON MARGARET | ||
| 942 |
_cBK _2lcc |
||
| 999 |
_c193151 _d193151 |
||